000
00319nam a2200145Ia 4500
100
_a
Graham
650
_a
Electrical Engineering
942
_c
BK
654
_a
Electric
245
_a
Audels New Electric Directory
260
_b
Taraporevala Sons & Co
_c
2001
082
_a
603
300
_a
547
546
_a
ENGLISH
999
_c
30954
_d
30954